000 00808cab a2200289 4500
001 ABS58531
008 090401t1998 xxu||||| |||| 00| 0 eng d
035 _a(Sirsi) u85808
041 _aeng
100 _aWood, D.
245 _aCost study
260 _c1998
350 _a0
490 _aBuilding
_v263(8036) 24 aPRIL 1998, 56-61(5)
520 _aCost study of a community swimming pool and health suite in Basingstoke. Includes client brief and elemental cost analysis.
650 _aBASINGSTOKE
650 _aBUILT ENVIRONMENT-BUILDING COSTS
650 _aCOST ANALYSIS
650 _aCOSTS
650 _aHAMPSHIRE
650 _aLEISURE CENTRE
650 _aSWIMMING POOL
690 _aBUILT ENVIRONMENT-BUILDING COSTS
700 _aPedlar, K.
942 _n0
948 _c27/04/1998
999 _c53973
_d53973